Expression of Lysophosphatidic Acid Acyltransferase for the Production of Acetylated Diacylglycerols in Yarrowia lipolytica

Na minha lista:
Detalhes bibliográficos
Autor principal: Lopa, Marharyta (Author)
Outros Autores: Hambalko, Veronika (Thesis advisor)
Formato: Manuscrito Livro
Idioma:eslovaco
inglês
Publicado em: 2025
Assuntos:
Acesso em linha:http://is.stuba.sk/zp/portal_zp.pl?podrobnosti=171492
Tags: Adicionar Tag
Sem tags, seja o primeiro a adicionar uma tag!

MARC

LEADER 00000ntm a22000003a 4500
001 stuzp105115
003 SK-STU
005 20250628212353.6
007 ta
008 150427s2015----xo-----f-mn---000-0-slo-d
040 |a STU  |b slo 
041 0 |a eng 
100 1 |a Lopa, Marharyta  |u 044000  |4 aut  |U FCHPT Fakulta chemickej a potravinárskej technológie  |T FCHPT Ústav biotechnológie  |X 117240  |U C4000  |Y 102  |7 117240 
242 0 1 |a Expresia acyltransferázy kyseliny lyzofosfatidovej pre produkciu acetylovaných diacylglycerolov v Yarrowia lipolytica  |y slo 
245 1 0 |a Expression of Lysophosphatidic Acid Acyltransferase for the Production of Acetylated Diacylglycerols in Yarrowia lipolytica 
260 |c 2025 
650 4 |a acetylované diacylglyceroly  |2 slo 
650 4 |a Yarrowia lipolytica  |2 slo 
650 4 |a LPAAT  |2 slo 
650 4 |a metabolické inžinierstvo  |2 slo 
650 4 |a biosyntéza lipidov  |2 slo 
650 4 |a acetylated diacylglycerols  |2 eng 
650 4 |a Yarrowia lipolytica  |2 eng 
650 4 |a LPAAT  |2 eng 
650 4 |a metabolic engineering  |2 eng 
650 4 |a lipid biosynthesis  |2 eng 
700 1 |a Hambalko, Veronika  |u 044000  |k Z1  |4 ths  |U FCHPT Fakulta chemickej a potravinárskej technológie  |T FCHPT Ústav biotechnológie  |X 76253  |U C4000  |Y 102  |7 76253 
856 4 |u http://is.stuba.sk/zp/portal_zp.pl?podrobnosti=171492